Asian Geography By Letter H - Picture Quiz - Statistics

General Stats
  • This quiz has been taken 649 times
  • The average score is 10 of 18
Answer Stats
Picture Hint Answer % Correct
(city) Hiroshima
95%
(mountain range) Himalayas
93%
(religion) Hinduism
92%
(island) Hokkaido
86%
(pilgrimage) Hajj
79%
(city) Hong Kong
79%
(city) Ho Chi Minh City
78%
(language) Hebrew
73%
(province) Hainan
63%
(city) Hyderabad
50%
{Harbin} Ice Festival
41%
(animal) {Horseshoe} Crab
38%
(mountain range) Hindu Kush
34%
(Yellow River) Huang He
32%
(animal) Hornbill
27%
{Hashemite} Kingdom of Jordan
23%
Mausoleum of {Halicarnassus}
20%
(state) Haryana
16%
No matching quizzes found
Score Distribution
Percent of People with Each Score
Percentile by Number Answered
Your Score History
You have not taken this quiz